000 00825nam a2200241 a 4500
001 BRCA_127
005 20190320202906.0
008 930416m19901991mx-a---##b---f001-0#spa-#
020 _a968361468X (Obra completa)
040 _aDLC
_cDLC
050 4 _aRA984.M4
_b.M97 1990
100 1 _aMuriel, Josefina
_d1918-2008
_9501
245 1 0 _aHospitales de la Nueva España
_cJosefina Muriel.
250 _a2
260 _aMéxico
_bUNAM
_c1990-1991
300 _a2 v.
_bil.
_c23 cm.
500 _aIncluye índice onomástico
504 _aIncluye referencias bibliográficas
505 0 _aContenido: v.1. Fundaciones del siglo XVI. -- v.2. Fundaciones de los siglos XVII y XVIII
650 1 4 _aHospitales
_xHistoria
_ysiglos XVI al XVIII
_zMéxico
_9502
650 1 4 _aInstituciones de salud
_xHistoria
_zMéxico
_9503
942 _2lcc
_cB
999 _c110
_d110